Quizzes
Events
Quiz Creation
Community
Videos
Private Events
Remove Ads
Sign In
Join for FREE
Feedback
Dark Mode
Quiz Categories
Sports
Geography
Music
Movies
Television
Just For Fun
Miscellaneous
History
Literature
Language
Science
Gaming
Entertainment
Religion
Holiday
For Kids
Quiz Lab
Recent
Popular Today
Quiz Kudos Today
Editor Picks
Curator Picks
Quizzes by...
Day
Popularity
Type
Ratings
Length
Year
Community
Subscriptions
Recent Discussions
Orange Saloon
Badges
Playlists
Quests
Create
Leaderboards
Showdown
Live 5
Trivia Bingo
Activity
Puzzle Library
Sporcle Events
Private Events
Virtual Trivia
Globe League
Become a Host
Pub Owners
SporcleCon
Opinionation
Our Games
Videos
Blog
Mobile Apps
Partnerships
Remove Ads and Go Orange
Feedback
Religion
Mythology
Religious Music
World Religions
Bible
Christianity
Catholicism
Judaism
Church
Scripture
Islam
Verse
Religion
Mythology
Religious Music
World Religions
Bible
Christianity
Catholicism
Judaism
Church
Scripture
Islam
Verse
Random Quiz
Search Sporcle
×
Quiz Lab
Quiz Lab
Religion
Commandment
Click on answers out of a set of options
Click on answers out of a set of options
Multiple Choice
Best Score? Go Orange.
10 Commandments vs Hammurabi's Code Stats
Can you choose the 10 Commandments vs Hammurabi's Code?
By
hamberger
10m
13 Questions
56 Plays
56 Plays
56 Plays
Comments
Comments
Give Quiz Kudos
Give Quiz Kudos
-
- Ratings
hide this ad
More Info
Random Order
Randomize order of answers
Randomize order of answers
Replay
Link that replays current quiz
Next Quiz
Link to next quiz in quiz playlist
You Got
0%
They Got
Avg Score
66%
Avg Friend Score
Upgrade to see
Score Distribution
Jump to the score distribution portion of the page
Score
0/13
Timer
10:00
0
Plays Today
Question
Answer
Wrong Answers
What is the first commandment
thou shalt not have no other gods
87.5%
thou shalt not kill
5.4%
thou shalt not steal
7.1%
thou shalt not commit adultary
0%
what is the fourth commandment
remember the sabbath day
80.4%
thou shalt not commit adultery
7.1%
thou shalt not bear false witness
3.6%
thou shalt not covet
5.4%
what is the tenth commandment
thou shalt not covet
76.8%
thou shalt not steal
1.8%
thou shalt not kill
10.7%
thou shalt not fight
3.6%
Name a difference between Hammurabi's code and the ten commandments
Hammurabi's code had strict punishments and the ten commandments did not
73.2%
the ten commandments had more than ten laws and Hammurabi's code did not
5.4%
the ten commandments had strict punishments and Hammurabi's code didi not
5.4%
none of the above
5.4%
What is the sixth commandment
thou shalt not kill
73.2%
thou shalt not covet
7.1%
thou shalt not steal
7.1%
thou shalt not commit adultery
7.1%
what is the eighth commandment
thou shalt not steal
67.9%
remmember the sabbath day
3.6%
honour thy mother and thy father
7.1%
thou shalt not kill
14.3%
What is the fifth commandment
honour thy mother and thy father
67.9%
thou shalt not kill
14.3%
thou shalt not steal
8.9%
thou shalt not covet
3.6%
What was the main purpose of Hammurabi's code
to to have strict punishments for your mistakes
64.3%
to help others
17.9%
to not have other people overrule
5.4%
to not steal
5.4%
What was the main purpose of the 10 commandments
to help those who are lost find the correct path
60.7%
to help others draw
1.8%
to help others love
17.9%
to have strict punishments
10.7%
What is the second commandment
no graven image or likeness
58.9%
thou shall not kill
10.7%
thou shall steal
7.1%
remember the sabbath day
21.4%
what is the ninth commandment
thou shalt not bear false witness
57.1%
thou shalt not kill
7.1%
thou shalt not covet
26.8%
thou shalt steal
0%
what is the seventh commandment
thou shalt not commit adultery
51.8%
thou shalt not steal
37.5%
no graven images or likeness
0%
thou shalt not the lord's name in vain
5.4%
What is the third commandment
thou shalt not take the lord's name in vain
46.4%
remember the sabbath day
33.9%
thou shalt not covet
5.4%
honour thy father and thy mother
10.7%
Quiz Playlist
Details
Report
Send in Message
Add To Playlist
More Info:
Can you remember the 10 Commandments and Hammurabi's code? Just try this out
Multiple Choice:
Click on answers out of a set of options
Random Order:
Randomize order of answers
Last Updated: Feb 16, 2017
Quiz Scoreboard
CHALLENGE
Sign Up to Join the Scoreboard
Show All
Scores
Hide
Comments
May contain spoilers
Recently Published
Popular People in 1961
by mucciniale
History
6m
1-10 Letter E Words III
by El_Dandy
Language
2m
One Thing in Common: World Cities II
by knightlancer
Geography
7m
More to Explore
Quiz From the Vault
Featured Blog Post
Where Did the Easter Bunny Come From?
hide this ad
You Might Also Like...
Tags
10 Commandments
code
Commandment
Today's Top Quizzes in Religion
Browse Religion
hide this ad
Top Contributed Quizzes in Religion
1
10 to 1: Islam
2
10 to 1: Protestantism
3
10 to 1: Norse Religion
4
10 to 1: Judaism
5
10 to 1: Hinduism
6
Names of Surahs in the Quran
7
One Thing in Common: Mythology II
8
One Thing in Common: Mythology
9
Language by 'Haggadah' Cover
10
Order Up: Seven Last Words of Christ
Explore More
Trending Topics
Crossword
NBA
Disney
Marvel
Kpop
Harry Potter
Anime
Soccer
Song
The Office
Puzzle
Country
WWE
NFL
Pokémon
hide this ad
More By:
hamberger
Quiz
Plays
Rating
Category
Featured
Created
10 Commandments vs Hammurabi's Code
56
4.25
Religion
Jan 16, 2017
Go to Creator's Profile
Score Distribution
Quiz Creator Spotlight
hamberger
Follow
Send a Message
Quizzes Created
-
Created Quiz Play Count
-
More By This Creator
Popular Quizzes Today
1
Find the US States - No Outlines Minefield
2
The Countries of the World
3
Find the Countries of Europe - No Outlines Minefield
4
Popular People in 1961
5
1-10 Letter E Words III
6
Find the US States
7
One Thing in Common: World Cities II
8
US States
More Religion Quizzes
Find the Religious Figure's Birthplace
Published
Trending Quizzes
Risky Map Clicking: Least Populous States A-Z
1-10 Letter F Words
1-10 Letter G Words
One Thing in Common: United Kingdom
Risky Map Clicking: Next State Alphabetically
Recently Updated
Leaping Animals
pecheneg
Reality TV Shows (A-Z)
bhenderson79
Rickey Henderson's Hall of Fame Teammates
pecheneg
Champions League XIs: Arsenal
pecheneg
Quick Pick: Celebrities in WWE's Hall of Fame
aduchscher
A-Z Keypad Blitz II
pecheneg
Multiple Oscar Actors
pecheneg
Mystery Phrase Blitz: Oscar 'Best Actors'
pecheneg
F. Scott Fitzgerald Novels
LTH
Pick 3 Villains
ddd62291
Trending Topics
Anime
Marvel
Harry Potter
Disney
Kpop
NBA
Crossword
WWE
Soccer
Song
Pokémon
Puzzle
Country
NFL
The Office
Your Account Isn't Verified!
In order to create a playlist on Sporcle, you need to verify the email address you used during registration. Go to your
Sporcle Settings
to finish the process.
Report this User
Report this user for behavior that violates our
Community Guidelines
.
Details:
Send Report
Go to the Sporcle.com Mobile Site →
Comments